African Capitals by Letter - M - Statistics

General Stats
  • This quiz has been taken 107 times
    102 since last reset
  • The average score is 5 of 7
Answer Stats
Answer % Correct
Maputo
90%
Monrovia
87%
Mogadishu
79%
Malabo
76%
Mbabane
76%
Maseru
71%
Moroni
67%
No matching quizzes found
Score Distribution
Percent of People with Each Score
Percentile by Number Answered
Your Score History
You have not taken this quiz since the last reset